| 000 | 00700cab a2200241 4500 | ||
|---|---|---|---|
| 001 | WB3314-66 | ||
| 008 | 090401t1997 xxu||||| |||| 00| 0 eng d | ||
| 035 | _a(Sirsi) u77573 | ||
| 041 | _aeng | ||
| 245 | _aRoom for a revival | ||
| 260 | _c1997 | ||
| 350 | _a0 | ||
| 490 |
_aFinancial Times _v4 April 1997, 16(1) |
||
| 520 | _aSale and rental prices in Taiwan are forecast to rise between three and six per cent this year, after a long decline in the property market. | ||
| 650 | _aECONOMIC RECOVERY | ||
| 650 | _aPROPERTY MARKET | ||
| 650 | _aRENTAL PRICES | ||
| 650 | _aSALE PRICES | ||
| 650 | _aTAIWAN | ||
| 690 | _aOVERSEAS-REST OF THE WORLD | ||
| 942 | _n0 | ||
| 948 | _c04/04/1997 | ||
| 999 |
_c48763 _d48763 |
||